Computational and mathematical population dynamics / (Record no. 49749)

MARC details
000 -LEADER
fixed length control field 03889nam a2200409 a 4500
003 - CONTROL NUMBER IDENTIFIER
control field WSP
005 - DATE AND TIME OF LATEST TRANSACTION
control field 20260416153410.0
008 - FIXED-LENGTH DATA ELEMENTS--GENERAL INFORMATION
fixed length control field 221123s2023 si ob 001 0 eng d
020 ## - INTERNATIONAL STANDARD BOOK NUMBER
International Standard Book Number 9789811263033
-- (ebook)
020 ## - INTERNATIONAL STANDARD BOOK NUMBER
International Standard Book Number 9811263035
-- (ebook)
020 ## - INTERNATIONAL STANDARD BOOK NUMBER
Cancelled/invalid ISBN 9789811263026
-- (hbk.)
072 #7 - SUBJECT CATEGORY CODE
Subject category code MAT
Subject category code subdivision 003000
Source bisacsh
072 #7 - SUBJECT CATEGORY CODE
Subject category code SCI
Subject category code subdivision 003000
Source bisacsh
072 #7 - SUBJECT CATEGORY CODE
Subject category code MAT
Subject category code subdivision 034000
Source bisacsh
082 04 - DEWEY DECIMAL CLASSIFICATION NUMBER
Classification number 614.40727
Edition number 23
049 ## - LOCAL HOLDINGS (OCLC)
Holding library MAIN
245 00 - TITLE STATEMENT
Title Computational and mathematical population dynamics /
Statement of responsibility, etc editors, Necibe Tuncer ... [et al.].
260 ## - PUBLICATION, DISTRIBUTION, ETC. (IMPRINT)
Place of publication, distribution, etc Singapore :
Name of publisher, distributor, etc World Scientific,
Date of publication, distribution, etc c2023.
300 ## - PHYSICAL DESCRIPTION
Extent 1 online resource (xii, 457 p.)
505 0# - FORMATTED CONTENTS NOTE
Contents Wolbachia invasion and establishment in Aedes aegypti populations to suppress Zika transmission -- Dynamics and optimal control of HIV infection and opioid addiction -- The effect of lockdown on mean persistence time of highly infectious diseases: a stochastic model based study -- A model of virus infection with immune responses supports boosting CTL response to balance antibody response -- Structural and practical identifiability analysis of a multiscale immuno-epidemiological model -- Multiple dimensions of Aedes aegypti population growth: modeling the impacts of resource dependence on mass and age at emergence -- Novel hybrid continuous-discrete-time epidemic models -- Extending analytical solutions to age-mass models of a population -- Solving singular control problems in mathematical biology using PASA -- Phase locking and Lyapunov exponent behavior in brain networks of epileptic patients.
520 ## - SUMMARY, ETC.
Summary, etc "This book is a collection of works that represent the recent advancements in computational and mathematical methods applied to population dynamics. It concentrates on both development of new tools as well as on innovative use of existing tools to obtain new understanding of biological systems. The volume introduces new state-of-the-art techniques for defining and solving numerically control problems in mathematical biology in which the control appears linearly. Such problems produce simpler optimal controls that can be implemented in practice. The book further develops tools for fitting multi-scale models to multi-scale data and studying the practical identifiability of the parameters from multi-scale data. Novel model of Zika with Wolbahia infection in mosquitoes suggests that the most suitable control strategy to control Zika in the absence of Wolbahia is killing mosquitoes but the most suitable strategy when mosquitoes are Wolbahia infected is the treatment of humans. A completely novel methodology of developing discrete-continuous hybrid models of multi-species interactions is also introduced together with avantgarde techniques for discrete-continuous hybrid models analysis. A mathematical model leads to new observations of the within-host virus dynamics and its interplay with the immune responses. In particular, it is observed that the parameters promoting CTL responses need to be boosted over parameters promoting antibody production to obtain a biologically relevant steady state. A novel stochastic model of COVID-19 investigates quarantine and lock down as important strategies for control and elimination of COVID-19"--
650 #0 - SUBJECT ADDED ENTRY--TOPICAL TERM
Topical term or geographic name as entry element Epidemiology
650 #0 - SUBJECT ADDED ENTRY--TOPICAL TERM
Topical term or geographic name as entry element Communicable diseases
650 #0 - SUBJECT ADDED ENTRY--TOPICAL TERM
Topical term or geographic name as entry element Medicine
700 1# - ADDED ENTRY--PERSONAL NAME
Personal name Tuncer, Necibe.
856 40 - ELECTRONIC LOCATION AND ACCESS
Uniform Resource Identifier <a href="https://www.worldscientific.com/worldscibooks/10.1142/13045#t=toc">https://www.worldscientific.com/worldscibooks/10.1142/13045#t=toc</a>
942 ## - ADDED ENTRY ELEMENTS (KOHA)
Koha item type Electronic Books
504 ## - BIBLIOGRAPHY, ETC. NOTE
Bibliography, etc Includes bibliographical references and index.
520 ## - SUMMARY, ETC.
-- Publisher's website.
538 ## - SYSTEM DETAILS NOTE
System details note Mode of access: World Wide Web.
538 ## - SYSTEM DETAILS NOTE
System details note System requirements: Adobe Acrobat Reader.
650 #0 - SUBJECT ADDED ENTRY--TOPICAL TERM
General subdivision Mathematical models.
650 #0 - SUBJECT ADDED ENTRY--TOPICAL TERM
General subdivision Mathematical models.
650 #0 - SUBJECT ADDED ENTRY--TOPICAL TERM
General subdivision Mathematical models.
655 #0 - INDEX TERM--GENRE/FORM
Genre/form data or focus term Electronic books.
Holdings
Withdrawn status Lost status Source of classification or shelving scheme Damaged status Not for loan Home library Location Date of Cataloging Total Checkouts Full call number Barcode Date last seen Uniform Resource Identifier Price effective from Koha item type
    Dewey Decimal Classification     CUTN Central Library CUTN Central Library 16/04/2026   614.40727 EB04941 16/04/2026 https://doi.org/10.1142/13045 16/04/2026 Electronic Books